| 000 | 00409nam a2200145 4500 | ||
|---|---|---|---|
| 001 | 111003 | ||
| 003 | ES-MaACL | ||
| 005 | 20230906185225.0 | ||
| 007 | t| | ||
| 008 | 061121s1964 sp r ||||1| spa d | ||
| 100 | 1 |
_aNavarro Vargas, Manuel. _985179 |
|
| 245 | 1 | 0 |
_aPoemas indalianos / _cManuel Navarro Vargas. |
| 260 |
_aAlmería? : _b[s. n.], _c1964 ( _fGráf. Ortiz) |
||
| 852 |
_aES-MaACL _jC-25407 _bR.54349 |
||
| 999 |
_c111003 _d111003 |
||